[Event "20th European Teams Women"]
[Site "Reykjavik ISL"]
[Date "2015.11.17"]
[Round "5.5"]
[Board "2"]
[White "Vojinovic, Jovana"]
[Black "Mkrtchian, Lilit"]
[Result "1/2-1/2"]
[WhiteTitle "WGM"]
[BlackTitle "IM"]
[WhiteElo "2295"]
[BlackElo "2439"]
[WhiteTeam "Serbia"]
[BlackTeam "Armenia"]
[WhiteFideId "937266"]
[BlackFideId "13300601"]
[EventDate "2015.11.13"]

1. Nf3 Nf6 2. c4 e6 3. Nc3 d5 4. d4 Nbd7 5. Bf4 dxc4 6. e3 Nd5 7. Bxc4 Nxf4 8.
exf4 Be7 9. O-O O-O 10. Rc1 g6 11. Qe2 Nb6 12. Bd3 Bf6 13. g3 Bxd4 14. Nxd4 Qxd4
15. Nb5 Qf6 16. Nxc7 Rb8 17. Nb5 Bd7 18. Nc3 Bc6 19. b4 Rfc8 20. Ne4 Qg7 21. Nc5
Bd5 22. a4 Rd8 23. a5 Nd7 24. Nxd7 Rxd7 25. Bb5 Rdd8 26. Qe5 Rbc8 27. Be2 Qf8
28. Qb2 Qg7 29. Qe5 Qf8 30. Qb2 a6 31. h4 Qg7 32. Qe5 Qf8 33. Qb2 Qg7 34. Qe5
Qf8 35. Qb2 Qg7 36. Qe5 1/2-1/2

[Event "20th European Teams Women"]
[Site "Reykjavik ISL"]
[Date "2015.11.17"]
[Round "5.5"]
[Board "3"]
[White "Galojan, Lilit"]
[Black "Chelushkina, Irina"]
[Result "0-1"]
[WhiteTitle "IM"]
[BlackTitle "WGM"]
[WhiteElo "2298"]
[BlackElo "2271"]
[WhiteTeam "Armenia"]
[BlackTeam "Serbia"]
[WhiteFideId "13301314"]
[BlackFideId "928615"]
[EventDate "2015.11.13"]

1. d4 Nf6 2. c4 g6 3. Nc3 Bg7 4. e4 d6 5. f3 O-O 6. Be3 Nbd7 7. Qd2 c6 8. Bd3 e5
9. d5 cxd5 10. cxd5 Nc5 11. Bc2 a5 12. Nge2 Ne8 13. O-O Bd7 14. Rac1 b5 15. b3
b4 16. Na4 Nxa4 17. bxa4 f5 18. exf5 gxf5 19. f4 Kh8 20. Ng3 exf4 21. Rxf4 Be5
22. Rf3 Ng7 23. Bb3 Qe8 24. Nf1 Bxa4 25. Bxa4 Qxa4 26. Bd4 Qd7 27. Rh3 f4 28.
Bxe5 dxe5 29. d6 Rad8 30. Rc5 e4 31. Rd5 Rf6 32. Qd4 Qe6 33. Re5 Qxd6 34. Qxe4
Rg6 35. Rf3 Ne6 36. Rf2 Qb6 37. Qe2 Rdg8 38. Kh1 a4 39. Rb5 Qd4 40. Qe1 b3 41.
axb3 axb3 42. Rxb3 Nc5 43. Rb4 Qg7 44. Qd2 Nd3 45. Rbxf4 Nxf4 46. Qxf4 Rxg2 47.
Ng3 Rxf2 48. Qxf2 Rb8 49. Qf4 Qb2 50. Ne4 Rc8 51. Nd2 Rg8 52. Qf2 Qa1+ 53. Qf1
Qxf1+ 54. Nxf1 Rg5 55. Ng3 h5 56. Ne4 Rg6 57. Ng3 Rg5 58. Ne4 Re5 59. Nf2 Kg7
60. Kg2 Kg6 61. Kg3 Kf5 62. Kh4 Re2 63. Kg3 h4+ 64. Kf3 Ra2 65. Ng4 Ra3+ 66.
Ne3+ Ke5 67. Kf2 Ke4 68. Ng2 Ra2+ 69. Kg1 h3 70. Nh4 Kf4 71. Ng6+ Kf3 0-1

[Event "20th European Teams Women"]
[Site "Reykjavik ISL"]
[Date "2015.11.17"]
[Round "5.5"]
[Board "4"]
[White "Velikic, Adela"]
[Black "Gaboyan, Susanna"]
[Result "1-0"]
[WhiteElo "2322"]
[BlackElo "2174"]
[WhiteTeam "Serbia"]
[BlackTeam "Armenia"]
[WhiteFideId "913553"]
[BlackFideId "13303627"]
[EventDate "2015.11.13"]

1. e4 Nc6 2. d4 d5 3. e5 Bf5 4. Nf3 e6 5. c3 Nb8 6. Be3 h5 7. Qb3 b6 8. c4 dxc4
9. Bxc4 c6 10. Nc3 Be7 11. O-O Nh6 12. Rfd1 b5 13. Nxb5 cxb5 14. Bxb5+ Kf8 15.
d5 exd5 16. Rxd5 Qc8 17. Rc1 Qb7 18. Qd1 Kg8 19. Ng5 g6 20. e6 f6 21. Nf7 Nxf7
22. exf7+ Kxf7 23. Rxf5 gxf5 24. Bc4+ Kg7 25. Bd5 Qxb2 26. Bxa8 Na6 27. Bf3 Rd8
28. Qa4 Qa3 29. Qf4 Rh8 30. Qxf5 Qd6 31. Be4 Nc7 32. Bf4 1-0

[Event "20th European Teams Women"]
[Site "Reykjavik ISL"]
[Date "2015.11.17"]
[Round "5.6"]
[Board "1"]
[White "Lazarne Vajda, Szidonia"]
[Black "Vega Gutierrez, Sabrina"]
[Result "1/2-1/2"]
[WhiteTitle "IM"]
[BlackTitle "IM"]
[WhiteElo "2358"]
[BlackElo "2392"]
[WhiteTeam "Hungary"]
[BlackTeam "Spain"]
[WhiteFideId "723894"]
[BlackFideId "2219026"]
[EventDate "2015.11.13"]

1. e4 c5 2. Nf3 Nc6 3. d4 cxd4 4. Nxd4 Nf6 5. Nc3 e5 6. Ndb5 d6 7. Bg5 a6 8. Na3
b5 9. Bxf6 gxf6 10. Nd5 Bg7 11. Bd3 Ne7 12. Nxe7 Qxe7 13. O-O O-O 14. c4 f5 15.
Qh5 Rb8 16. exf5 e4 17. Rae1 Bb7 18. Qg4 Rfe8 19. cxb5 d5 20. bxa6 Ba8 21. Bb5
Red8 22. f6 Qxf6 23. Rc1 h5 24. Qh3 Qg5 25. a7 Rb7 26. Rc8 Bf6 27. f4 Qg4 28.
Qxg4+ hxg4 29. Rfc1 Kg7 30. Rxd8 Bxd8 31. Rc8 Bb6+ 32. Kf1 Rxa7 33. Bc6 Bxc6 34.
Rxc6 Be3 35. f5 Bf4 36. Nb5 Rxa2 37. Nc3 Ra1+ 38. Ke2 Rc1 39. f6+ Kh6 40. Rc5
Rc2+ 41. Kf1 e3 42. Rxd5 Bxh2 43. Ne2 Rc6 44. Nd4 Rxf6+ 45. Ke2 Rf2+ 46. Kxe3
Rxg2 47. Nf5+ Kg5 48. Ng3+ Kg6 49. Ne2 f5 50. b4 Kg5 51. b5 Bg1+ 52. Kd3 g3 53.
Rd8 Kg4 54. Rf8 Bc5 55. Rf6 Kg5 56. Rf7 Bd6 57. b6 Rh2 58. b7 Rh8 59. Ke3 Kg6
60. Rd7 Bb8 61. Kf3 Rh2 62. Nxg3 Rh3 63. Rd8 Rxg3+ 64. Kf2 Rb3 65. Rxb8 Kg7 66.
Ke2 f4 67. Kf2 f3 68. Rc8 Rxb7 1/2-1/2

[Event "20th European Teams Women"]
[Site "Reykjavik ISL"]
[Date "2015.11.17"]
[Round "5.6"]
[Board "2"]
[White "Matnadze, Ana"]
[Black "Madl, Ildiko"]
[Result "1/2-1/2"]
[WhiteTitle "IM"]
[BlackTitle "IM"]
[WhiteElo "2353"]
[BlackElo "2343"]
[WhiteTeam "Spain"]
[BlackTeam "Hungary"]
[WhiteFideId "13601377"]
[BlackFideId "700550"]
[EventDate "2015.11.13"]

1. Nf3 c5 2. g3 Nc6 3. c4 g6 4. Nc3 Bg7 5. Bg2 e6 6. O-O Nge7 7. e3 O-O 8. d4
cxd4 9. exd4 d5 10. cxd5 Nxd5 11. Bg5 Qb6 12. Qd2 Nxd4 13. Nxd4 Qxd4 14. Qxd4
Bxd4 15. Nxd5 exd5 16. Bxd5 Bf5 17. Rad1 Bxb2 18. Bxb7 Rab8 19. Bd5 Rfc8 20.
Rfe1 Re8 21. Re3 Kg7 22. Bb3 Bf6 23. Bxf6+ Kxf6 24. Rd6+ Kg7 25. Kf1 Rxe3 26.
fxe3 Rb7 27. Kf2 Be6 28. Bxe6 fxe6 29. Rxe6 Rb2+ 30. Kf3 Rxa2 31. Re7+ Kg8 32.
h4 a5 33. Ra7 a4 34. Ra8+ Kg7 35. Ra7+ Kg8 36. Kf4 a3 37. Kg5 Rg2 38. h5 gxh5
39. Rxa3 Rxg3+ 40. Kxh5 Kg7 41. Ra7+ Kf6 42. Kh4 Rxe3 1/2-1/2

[Event "20th European Teams Women"]
[Site "Reykjavik ISL"]
[Date "2015.11.17"]
[Round "5.6"]
[Board "3"]
[White "Papp, Petra"]
[Black "Collazo Hidalgo-Gato, Niala"]
[Result "1-0"]
[WhiteTitle "WGM"]
[BlackTitle "WIM"]
[WhiteElo "2303"]
[BlackElo "2259"]
[WhiteTeam "Hungary"]
[BlackTeam "Spain"]
[WhiteFideId "739049"]
[BlackFideId "3504476"]
[EventDate "2015.11.13"]

1. e4 c5 2. Nf3 e6 3. d4 cxd4 4. Nxd4 Nc6 5. Nc3 Qc7 6. Be3 a6 7. Qf3 Nf6 8.
O-O-O Be7 9. Be2 O-O 10. Qg3 d6 11. f4 Nxd4 12. Bxd4 Ne8 13. e5 f5 14. Qe3 dxe5
15. Bxe5 Bc5 16. Qd3 Qa5 17. g4 b5 18. gxf5 Ra7 19. Ne4 Bb4 20. a3 Be7 21. Qb3
b4 22. a4 Rxf5 23. Qc4 Nc7 24. Qd4 Rb7 25. Bxg7 Qxa4 26. Rhg1 Ne8 27. Bh6+ Kf7
28. Rg7+ Nxg7 29. Qxg7+ Ke8 30. Bh5+ Rxh5 31. Qg8+ 1-0

[Event "20th European Teams Women"]
[Site "Reykjavik ISL"]
[Date "2015.11.17"]
[Round "5.6"]
[Board "4"]
[White "Calzetta Ruiz, Monica"]
[Black "Gara, Ticia"]
[Result "1/2-1/2"]
[WhiteTitle "WGM"]
[BlackTitle "WGM"]
[WhiteElo "2252"]
[BlackElo "2353"]
[WhiteTeam "Spain"]
[BlackTeam "Hungary"]
[WhiteFideId "2204185"]
[BlackFideId "717444"]
[EventDate "2015.11.13"]

1. e4 c5 2. Nf3 d6 3. d4 cxd4 4. Nxd4 Nf6 5. Nc3 Nc6 6. g3 g6 7. Bg2 Nxd4 8.
Qxd4 Bg7 9. O-O O-O 10. Qb4 a5 11. Qb5 Qc7 12. Re1 Be6 13. Nd5 Bxd5 14. exd5
Qxc2 15. Be3 Ng4 16. Re2 Qf5 17. Bb6 Ne5 18. Bxa5 Nc6 19. Bc3 Nd4 20. Bxd4 Bxd4
21. Rd1 Bf6 22. b3 Rab8 23. a4 Rfc8 24. h4 Rc5 25. Qb6 Qg4 26. Rde1 Qc8 27. Rxe7
Bxe7 28. Rxe7 Rc1+ 29. Kh2 Qc5 30. Qxc5 Rxc5 31. Rd7 Rc3 32. Rxd6 Rxb3 33. Rd7
Rb2 34. d6 Rxf2 35. Kg1 Rd2 36. Bxb7 Re8 37. Kf1 Rd1+ 38. Kf2 Rd2+ 39. Kf3 Rd3+
40. Kf2 Rd2+ 41. Kf3 Rd3+ 42. Kf2 Rd2+ 43. Kf3 Rd3+ 1/2-1/2

[Event "20th European Teams Women"]
[Site "Reykjavik ISL"]
[Date "2015.11.17"]
[Round "5.7"]
[Board "1"]
[White "Havlikova, Kristyna"]
[Black "Zimina, Olga"]
[Result "1-0"]
[WhiteTitle "WIM"]
[BlackTitle "IM"]
[WhiteElo "2323"]
[BlackElo "2364"]
[WhiteTeam "Czech Republic"]
[BlackTeam "Italy"]
[WhiteFideId "309672"]
[BlackFideId "4132190"]
[EventDate "2015.11.13"]

1. e4 e5 2. Nf3 Nc6 3. Bb5 Nf6 4. O-O Nxe4 5. d4 Nd6 6. Bxc6 dxc6 7. dxe5 Nf5 8.
Qxd8+ Kxd8 9. Nc3 Be6 10. Rd1+ Kc8 11. Ng5 Bc4 12. b3 Bb4 13. Bb2 Bxc3 14. Bxc3
Bd5 15. f3 a5 16. a4 Ne7 17. Bd2 h6 18. c4 Be6 19. Nxe6 fxe6 20. Bc3 Rd8 21. Kf2
b6 22. h4 h5 23. g4 Kb7 24. Ke3 Rf8 25. Rd4 Ng6 26. gxh5 Ne7 27. Rg4 Rh8 28. Ke4
Nf5 29. Rg5 Raf8 30. Rag1 Kc8 31. Rg6 Kd7 32. h6 gxh6 33. h5 Rf7 34. Rf6 Ke7 35.
Rgg6 Rxf6 36. exf6+ Kf7 37. Rg1 Rd8 38. Be5 Rd7 39. Bc3 c5 40. Re1 Ng3+ 41. Ke3
Nxh5 42. Be5 Nxf6 43. Rh1 Ng8 44. Ke4 c6 45. Bc3 Rd8 46. Be5 Rd2 47. Ke3 Rg2 48.
Kd3 Kg6 49. Bc7 Nf6 50. Bxb6 Nd7 51. Bxa5 Ne5+ 52. Ke4 Re2+ 53. Kf4 Nd3+ 54. Kg3
Rb2 55. Bc7 Rxb3 56. a5 Ra3 57. Rd1 Kf5 58. Rh1 Kg5 59. Rb1 h5 60. Bd8+ Kf5 61.
Rh1 Kg6 62. Bc7 e5 63. Rg1 Kf5 64. Rh1 Nf4 65. Re1 Ng6 66. Kf2 h4 67. Re2 Ra1
68. Re1 Ra2+ 69. Re2 Ra4 70. Re4 Ra2+ 71. Re2 Rxe2+ 72. Kxe2 Nf4+ 73. Kf1 h3 74.
Kg1 Nd3 75. a6 Kf4 76. Kh2 Kxf3 77. Kxh3 e4 78. a7 e3 79. a8=Q e2 80. Qxc6+ Ke3
81. Ba5 Kd4 82. Qd5+ Ke3 83. Qg5+ Kd4 84. Qg4+ Ke3 85. Kg3 Nc1 86. Qf4+ Kd3 87.
Qxc1 1-0

[Event "20th European Teams Women"]
[Site "Reykjavik ISL"]
[Date "2015.11.17"]
[Round "5.7"]
[Board "3"]
[White "Sikorova, Olga"]
[Black "Brunello, Marina"]
[Result "1/2-1/2"]
[WhiteTitle "WGM"]
[BlackTitle "FM"]
[WhiteElo "2230"]
[BlackElo "2292"]
[WhiteTeam "Czech Republic"]
[BlackTeam "Italy"]
[WhiteFideId "307033"]
[BlackFideId "822590"]
[EventDate "2015.11.13"]

1. c4 c6 2. Nf3 d5 3. g3 Nf6 4. Bg2 dxc4 5. O-O Nbd7 6. Qc2 Nb6 7. Na3 g6 8.
Nxc4 Nxc4 9. Qxc4 Bg7 10. d3 O-O 11. a3 a5 12. Bd2 Nd5 13. e4 Nc7 14. d4 Be6 15.
Qc5 a4 16. Ba5 Bb3 17. Bh3 Re8 18. Bb6 Ra6 19. Rfe1 Ne6 20. Bxd8 Nxc5 21. Bc7
Ne6 22. Bxe6 Bxe6 23. Rad1 Bg4 24. Kg2 Rc8 25. Be5 f6 26. Bf4 Rb6 27. Rd2 Rb5
28. Rc1 Rd8 29. Rc4 Ra8 30. Rc5 Rxc5 31. dxc5 e5 32. Be3 Be6 33. Ne1 Bf8 34. Kf3
Kf7 35. Rc2 Rd8 36. Rc3 Bb3 37. Ke2 Bd1+ 38. Kf1 Ke6 39. f3 h5 40. Kf2 Bb3 41.
Nd3 Kf7 42. Nc1 Be6 43. Nd3 Be7 44. Ke2 Ra8 45. Rc1 Bd8 46. Nb4 Bc7 47. Nd3 Rg8
48. Bd2 g5 49. Bc3 Ke7 50. Ke3 Bb3 51. Bb4 Rf8 52. h3 Rh8 53. Nf2 Rd8 54. g4 h4
55. Rc3 Ke6 56. Nd3 Kd7 57. Nc1 Be6 58. Rd3+ Kc8 59. Rxd8+ Bxd8 60. Kd3 Be7 61.
Kc3 Bd8 62. b3 axb3 63. Nxb3 Kb8 64. Nd2 Ka7 65. Nc4 Ka6 66. a4 Bc7 67. Kd3 Bd8
68. Kc3 Be7 69. Nb6 Ba2 70. Nc4 Bd8 71. Nb6 Bb1 72. Nc4 Bc7 73. Nb6 Bd8 74. Nc4
Ba2 1/2-1/2

[Event "20th European Teams Women"]
[Site "Reykjavik ISL"]
[Date "2015.11.17"]
[Round "5.7"]
[Board "4"]
[White "Santeramo, Alessia"]
[Black "Kulovana, Eva"]
[Result "1/2-1/2"]
[WhiteTitle "WFM"]
[BlackTitle "WGM"]
[WhiteElo "2041"]
[BlackElo "2213"]
[WhiteTeam "Italy"]
[BlackTeam "Czech Republic"]
[WhiteFideId "850810"]
[BlackFideId "318779"]
[EventDate "2015.11.13"]

1. e4 c6 2. d4 d5 3. Nc3 dxe4 4. Nxe4 Bf5 5. Nc5 b6 6. Nb3 Nf6 7. Nf3 Nbd7 8. g3
e6 9. Bg2 Rc8 10. O-O Be7 11. Qe2 O-O 12. c4 h6 13. Rd1 Bd6 14. Ne5 Nb8 15. h3
Bh7 16. Bf4 Qe7 17. Nd2 Rfd8 18. Nb3 Nfd7 19. Qg4 Bf5 20. Qf3 f6 21. Ng4 Bg6 22.
Re1 Nf8 23. Ne3 Bxf4 24. Qxf4 Qd6 25. Qf3 Nbd7 26. Rad1 Qc7 27. d5 Ne5 28. Qe2
exd5 29. cxd5 c5 30. Nc1 Nf7 31. Nc4 Nd6 32. b3 Re8 33. Qb2 b5 34. Nxd6 Qxd6 35.
Ne2 c4 36. bxc4 bxc4 37. Nc3 Rxe1+ 38. Rxe1 a6 39. Qb7 Rc7 40. Qb8 Rd7 41. Qxd6
Rxd6 42. Bf1 Rd8 43. Rd1 Nd7 44. Bxc4 1/2-1/2

[Event "20th European Teams Women"]
[Site "Reykjavik ISL"]
[Date "2015.11.17"]
[Round "5.8"]
[Board "1"]
[White "Reizniece-Ozola, Dana"]
[Black "Theissl Pokorna, Regina"]
[Result "0-1"]
[WhiteTitle "WGM"]
[BlackTitle "WGM"]
[WhiteElo "2209"]
[BlackElo "2355"]
[WhiteTeam "Latvia"]
[BlackTeam "Austria"]
[WhiteFideId "11601124"]
[BlackFideId "14902052"]
[EventDate "2015.11.13"]

1. c4 e6 2. Nf3 d5 3. b3 Nf6 4. g3 c5 5. Bg2 d4 6. e3 Nc6 7. exd4 cxd4 8. O-O
Be7 9. Re1 O-O 10. d3 Ne8 11. a3 a5 12. Nbd2 Nc7 13. Ne5 Nxe5 14. Rxe5 f6 15.
Re1 e5 16. Rb1 Na6 17. Ne4 Kh8 18. h4 Bd7 19. f4 exf4 20. Bxf4 Bxa3 21. c5 Nxc5
22. Nxc5 Bxc5 23. Bxb7 Ra7 24. Be4 Bb4 25. Rf1 f5 26. Bf3 Be6 27. h5 h6 28. Be5
Bd5 29. Qc1 Kh7 30. Bxd4 Bxf3 31. Bxa7 Ba8 32. Qc2 Qg5 33. Qh2 f4 34. Qh3 Bc5+
35. Bxc5 Qxc5+ 36. Rf2 fxg3 37. Qxg3 Rxf2 38. Qxf2 Qxh5 39. Kf1 Qh1+ 40. Ke2
Qxb1 41. Qf5+ Kg8 42. Qe6+ Kf8 43. Qf5+ Ke7 44. Qe5+ Kd7 45. Qxg7+ Kc8 46. Qf8+
Kb7 47. Qe7+ Kc6 48. Qe8+ Kc5 49. Qxa8 Qb2+ 50. Ke3 Qc1+ 51. Ke2 Qb2+ 52. Ke3
Qd4+ 53. Kd2 Kb4 54. Qb8+ Ka3 55. Qf8+ Qb4+ 56. Qxb4+ Kxb4 57. d4 Kb5 58. Kd3
Kc6 59. Kc4 h5 60. d5+ Kd6 61. Kb5 h4 0-1

[Event "20th European Teams Women"]
[Site "Reykjavik ISL"]
[Date "2015.11.17"]
[Round "5.8"]
[Board "2"]
[White "Newrkla, Katharina"]
[Black "Rogule, Laura"]
[Result "1/2-1/2"]
[WhiteTitle "WIM"]
[BlackTitle "WGM"]
[WhiteElo "2206"]
[BlackElo "2277"]
[WhiteTeam "Austria"]
[BlackTeam "Latvia"]
[WhiteFideId "1621629"]
[BlackFideId "11601876"]
[EventDate "2015.11.13"]

1. e4 c5 2. Nf3 Nc6 3. d4 cxd4 4. Nxd4 Nf6 5. Nc3 d6 6. Bg5 Bd7 7. Qd2 Nxd4 8.
Qxd4 Qa5 9. f4 e5 10. Qd2 Be7 11. O-O-O Bc6 12. Kb1 Rd8 13. Bxf6 Bxf6 14. f5 Qb4
15. Qe3 Qc5 16. Qxc5 dxc5 17. Bc4 Rd4 18. Nb5 Bxb5 19. Bxb5+ Ke7 20. c3 Rxd1+
21. Rxd1 Rd8 22. Rxd8 Kxd8 23. Bc4 Ke7 24. Bd5 b6 25. Kc2 Bg5 26. Kd3 f6 27. Bg8
h6 28. Kc4 Bc1 29. b3 Kd6 30. Kb5 Kc7 31. Kc4 Kd6 32. Kb5 Kc7 33. Kc4 Kd6 34.
Kb5 1/2-1/2

[Event "20th European Teams Women"]
[Site "Reykjavik ISL"]
[Date "2015.11.17"]
[Round "5.8"]
[Board "3"]
[White "Berzina, Ilze"]
[Black "Exler, Veronika"]
[Result "1/2-1/2"]
[WhiteTitle "WGM"]
[BlackTitle "WFM"]
[WhiteElo "2207"]
[BlackElo "2192"]
[WhiteTeam "Latvia"]
[BlackTeam "Austria"]
[WhiteFideId "11601345"]
[BlackFideId "1620550"]
[EventDate "2015.11.13"]

1. d4 d5 2. c4 e6 3. Nc3 Bb4 4. Nf3 Nf6 5. Bg5 Nbd7 6. e3 c5 7. cxd5 exd5 8.
dxc5 Qa5 9. Bxf6 Nxf6 10. Qd4 O-O 11. Bd3 Bxc5 12. Qa4 Qxa4 13. Nxa4 Bb4+ 14.
Nc3 Be6 15. O-O Bxc3 16. bxc3 Rfc8 17. Rfc1 Rc5 18. Rab1 b6 19. Nd4 Rac8 20. Ba6
R8c7 21. Nb5 Re7 22. Rb4 Ne4 23. f3 Nf6 24. Kf2 h6 25. a4 Ne8 26. Nd4 Rec7 27.
Nb5 Re7 28. Nd4 Rec7 29. Nb5 Re7 1/2-1/2

[Event "20th European Teams Women"]
[Site "Reykjavik ISL"]
[Date "2015.11.17"]
[Round "5.8"]
[Board "4"]
[White "Kopinits, Anna-Christina"]
[Black "Skinke, Katrina"]
[Result "1/2-1/2"]
[WhiteTitle "WIM"]
[BlackTitle "WIM"]
[WhiteElo "2231"]
[BlackElo "2222"]
[WhiteTeam "Austria"]
[BlackTeam "Latvia"]
[WhiteFideId "1614142"]
[BlackFideId "11602260"]
[EventDate "2015.11.13"]

1. Nf3 Nf6 2. g3 g6 3. b3 Bg7 4. Bb2 c5 5. Bg2 Nc6 6. O-O O-O 7. d4 cxd4 8. Nxd4
d5 9. Nxc6 bxc6 10. c4 Ba6 11. Qc2 Rc8 12. Rd1 Qb6 13. Nc3 dxc4 14. Na4 cxb3 15.
axb3 Qc7 16. Rac1 Bb5 17. Nc3 Qb8 18. Ne4 Nxe4 19. Bxg7 Kxg7 20. Qxe4 c5 21.
Qxe7 Rfe8 22. Qd6 Qxd6 23. Rxd6 Re7 24. e3 Rec7 25. Bd5 c4 26. bxc4 Bxc4 27.
Bxc4 Rxc4 28. Rxc4 Rxc4 29. Ra6 Rc7 30. g4 h6 31. Kg2 Re7 32. Kg3 Rb7 33. h4 Rc7
34. f4 Rb7 35. f5 gxf5 36. gxf5 h5 37. Kf4 f6 38. e4 Kf7 39. Ra4 Re7 40. Ra1 Rb7
41. Ra4 Re7 42. Ke3 Rd7 43. Ra6 Ke7 44. Ra5 Kf7 45. e5 fxe5 46. Ke4 Rd4+ 47.
Kxe5 Rxh4 48. Rxa7+ Kg8 49. Ke6 Re4+ 50. Kf6 h4 51. Kg5 h3 52. Ra8+ Kf7 53. Rh8
Re3 54. Rh7+ Kg8 55. Rh4 Kf7 56. Rh7+ 1/2-1/2

[Event "20th European Teams Women"]
[Site "Reykjavik ISL"]
[Date "2015.11.17"]
[Round "5.9"]
[Board "1"]
[White "Hoiberg, Nina"]
[Black "Mamedjarova, Zeinab"]
[Result "0-1"]
[WhiteTitle "WIM"]
[BlackTitle "WGM"]
[WhiteElo "2200"]
[BlackElo "2235"]
[WhiteTeam "Denmark"]
[BlackTeam "Azerbaijan"]
[WhiteFideId "1400720"]
[BlackFideId "13401521"]
[EventDate "2015.11.13"]

1. e4 d6 2. d4 Nf6 3. Nc3 Nbd7 4. Nf3 e5 5. Bc4 Be7 6. a4 a5 7. O-O O-O 8. h3 c6
9. Qe2 exd4 10. Nxd4 Re8 11. Nf5 Bf8 12. Ba2 d5 13. Bg5 h6 14. Bh4 g5 15. Bg3
Nc5 16. e5 Bxf5 17. Qf3 Be4 18. Qxf6 Qxf6 19. exf6 Bxc2 20. Rac1 Bd3 21. Rfe1
Bg6 22. Rxe8 Rxe8 23. Rd1 Nd3 24. b3 d4 25. Nb1 Nb4 0-1

[Event "20th European Teams Women"]
[Site "Reykjavik ISL"]
[Date "2015.11.17"]
[Round "5.9"]
[Board "2"]
[White "Mammadova, Gulnar"]
[Black "De Blecourt, Sandra"]
[Result "1-0"]
[WhiteTitle "WGM"]
[BlackTitle "WFM"]
[WhiteElo "2303"]
[BlackElo "2141"]
[WhiteTeam "Azerbaijan"]
[BlackTeam "Denmark"]
[WhiteFideId "13403508"]
[BlackFideId "1004948"]
[EventDate "2015.11.13"]

1. e4 c5 2. Nf3 Nc6 3. Bb5 Qc7 4. Nc3 e6 5. O-O Nd4 6. Nxd4 cxd4 7. Ne2 a6 8.
Bd3 Bc5 9. c3 dxc3 10. dxc3 Nf6 11. Bf4 d6 12. b4 Ba7 13. c4 e5 14. Bg5 Ng4 15.
Nc3 f6 16. Nd5 Qf7 17. Bd2 h5 18. Rc1 Be6 19. h3 Rc8 20. b5 Bc5 21. bxa6 b6 22.
Bb4 Bxb4 23. Qa4+ Kf8 24. Qxb4 g5 25. Qxd6+ Kg7 26. Qxb6 Rb8 27. Qc7 Bxd5 28.
cxd5 Nh6 29. a4 h4 30. Bb5 Rhd8 31. a7 Rbc8 32. Qxf7+ Nxf7 33. Rxc8 Rxc8 34. Bc6 1-0

[Event "20th European Teams Women"]
[Site "Reykjavik ISL"]
[Date "2015.11.17"]
[Round "5.9"]
[Board "3"]
[White "Guindy, Esmat"]
[Black "Abdulla, Khayala"]
[Result "0-1"]
[WhiteTitle "WFM"]
[BlackTitle "WGM"]
[WhiteElo "2057"]
[BlackElo "2283"]
[WhiteTeam "Denmark"]
[BlackTeam "Azerbaijan"]
[WhiteFideId "1401637"]
[BlackFideId "13401807"]
[EventDate "2015.11.13"]

1. Nf3 Nf6 2. c4 e6 3. g3 d5 4. cxd5 exd5 5. Bg2 Be7 6. O-O O-O 7. d4 b6 8. Nc3
Bb7 9. Bf4 Nbd7 10. Rc1 c6 11. Qa4 a5 12. Qb3 Ba6 13. Qd1 Re8 14. Re1 Bf8 15.
Rc2 h6 16. Ne5 Nxe5 17. Bxe5 b5 18. b3 Bb4 19. Bxf6 Qxf6 20. e3 Bc8 21. Qc1 Bf5
22. Rd2 Qd6 23. Qa1 a4 24. bxa4 Rxa4 25. Nxa4 Bxd2 26. Re2 Bb4 27. Nc3 Bd3 28.
Rd2 Bg6 29. Rd1 Ra8 30. Rc1 Ba3 31. Re1 Qb4 32. Re2 Qa5 33. Bf1 Bd3 34. Re1 Bg6
35. Re2 b4 36. Nb1 Bd3 37. Rd2 Be4 38. Nxa3 bxa3 39. Qd1 Rb8 40. Bd3 Bf3 41. Qc1
g6 42. Rc2 Rb6 43. Rxc6 Rxc6 44. Qxc6 Qe1+ 45. Bf1 Be2 46. Qc8+ Kg7 47. Qh3 Qb1
48. Qg2 Bxf1 49. Qxf1 Qxa2 50. Qb5 Qb2 0-1

[Event "20th European Teams Women"]
[Site "Reykjavik ISL"]
[Date "2015.11.17"]
[Round "5.10"]
[Board "1"]
[White "Atalik, Ekaterina"]
[Black "Unuk, Laura"]
[Result "1-0"]
[WhiteTitle "IM"]
[BlackTitle "WIM"]
[WhiteElo "2385"]
[BlackElo "2297"]
[WhiteTeam "Turkey"]
[BlackTeam "Slovenia"]
[WhiteFideId "4130189"]
[BlackFideId "14609215"]
[EventDate "2015.11.13"]

1. d4 d5 2. c4 c6 3. Nf3 Nf6 4. Nc3 dxc4 5. a4 Bf5 6. Ne5 Nbd7 7. Nxc4 Nb6 8.
Ne5 a5 9. h4 e6 10. f3 h6 11. e4 Bh7 12. Be3 Nfd7 13. Nd3 Bd6 14. Bf2 Qe7 15.
Be2 O-O 16. O-O Bc7 17. Qb3 Rad8 18. Rad1 e5 19. dxe5 c5 20. Qb5 c4 21. Nf4 Qxe5
22. Qxe5 Nxe5 23. Nb5 Rxd1 24. Rxd1 Bd8 25. Rxd8 Rxd8 26. Bxb6 Rd2 27. Bd4 f6
28. Kf1 Rc2 29. Ke1 Rc1+ 30. Kd2 Ra1 31. Na3 g5 32. hxg5 hxg5 33. Nd5 Kg7 34.
Bxe5 fxe5 35. Bd1 g4 36. Nc3 gxf3 37. gxf3 Bg6 38. Nc2 1-0

[Event "20th European Teams Women"]
[Site "Reykjavik ISL"]
[Date "2015.11.17"]
[Round "5.10"]
[Board "4"]
[White "Kolaric, Spela"]
[Black "Isgandarova, Khayala"]
[Result "0-1"]
[WhiteTitle "WFM"]
[BlackTitle "WIM"]
[WhiteElo "2102"]
[BlackElo "2200"]
[WhiteTeam "Slovenia"]
[BlackTeam "Turkey"]
[WhiteFideId "14607093"]
[BlackFideId "13401823"]
[EventDate "2015.11.13"]

1. d4 Nf6 2. c4 g6 3. g3 Bg7 4. Bg2 d6 5. Nc3 O-O 6. Nf3 Nc6 7. O-O e5 8. d5 Ne7
9. e4 Ne8 10. Ne1 f5 11. Nd3 Nf6 12. f4 exf4 13. Nxf4 Ng4 14. Ne6 Bxe6 15. dxe6
Ne5 16. Nd5 c6 17. Ne3 Qb6 18. Kh1 fxe4 19. Rxf8+ Rxf8 20. Qxd6 Nc8 21. Qd1 Nd3
22. Qb3 Bh6 23. Qxb6 axb6 24. Bd2 Rd8 25. Kg1 Ne5 26. Bc1 Rd3 27. Nf1 e3 28.
Bxe3 Bxe3+ 29. Nxe3 Rxe3 30. Rd1 Ne7 31. Rd7 Nf5 32. Rxb7 Re1+ 33. Kf2 Nd3+ 34.
Kf3 h5 35. Bf1 Nc5 36. Rb8+ Kg7 37. Kf2 Rxe6 38. Rxb6 Ne4+ 39. Kg1 Nd4 40. a4
Nd2 41. Kf2 N2b3 42. Bd3 Nc5 43. Bf1 Nxa4 44. Rb7+ Kf6 45. b4 Ke5 46. b5 Rf6+
47. Kg2 Nc2 48. Kg1 Ne3 49. Bg2 c5 50. Ra7 Nb6 51. h3 Nxg2 52. Kxg2 Nxc4 0-1